| Tag |
First Indicator |
Second Indicator |
Subfields |
| LEADER |
00000cam a22000001a 4500 |
| 001 |
in00003326021 |
| 006 |
m d f |
| 007 |
cr bn mmmapmmp |
| 008 |
101214s2008 dcu o f000 0 eng d |
| 005 |
20260429183415.0 |
| 035 |
|
|
|a cis2007860635
|
| 040 |
|
|
|a ProQuest
|c ProQuest
|d UtOrBLW
|
| 043 |
|
|
|a n-us---
|
| 099 |
|
|
|a CRS-2007-FDT-1414
|
| 110 |
2 |
|
|a Library of Congress.
|b Congressional Research Service.
|
| 245 |
1 |
0 |
|a Iran Sanctions Act (ISA).
|
| 264 |
|
1 |
|a [Place of publication not identified] :
|b [publisher not identified],
|c 2008.
|
| 300 |
|
|
|a 1 online resource.
|
| 336 |
|
|
|a text
|b txt
|2 rdacontent
|
| 337 |
|
|
|a computer
|b c
|2 rdamedia
|
| 338 |
|
|
|a online resource
|b cr
|2 rdacarrier
|
| 500 |
|
|
|a Record is based on bibliographic data in ProQuest U.S. Congressional Research Digital Collection (last viewed Dec. 2010). Reuse except for individual research requires license from ProQuest, LLC.
|
| 500 |
|
|
|a CRS Report.
|
| 520 |
|
|
|a Provides background information on P.L. 107-24, the Iran Sanctions Act, formerly known as the Iran-Libya Sanctions Act (ILSA). Describes background and original passage of ILSA, modifications in the 109th Congress, effectiveness and ongoing challenges, and amendments proposed in the 110th Congress.
|
| 500 |
|
|
|a Electronic resource.
|
| 650 |
|
0 |
|a Sanctions (International law)
|
| 651 |
|
0 |
|a Iran.
|
| 651 |
|
0 |
|a Libya.
|
| 655 |
|
7 |
|a Electronic books.
|2 local
|
| 710 |
2 |
|
|a ProQuest (Firm)
|
| 776 |
0 |
8 |
|i Microfiche version:
|a Library of Congress. Congressional Research Service.
|t Iran Sanctions Act (ISA)
|
| 830 |
|
0 |
|a U.S. Congressional Research.
|
| 856 |
4 |
0 |
|u http://proxy.library.tamu.edu/login?url=https://congressional.proquest.com/congcomp/getdoc?CRDC-ID=CRS-2007-FDT-1414
|z Connect to the full text of this electronic book
|t 0
|
| 999 |
|
|
|a MARS
|
| 999 |
f |
f |
|s afed340e-0e65-3778-9914-8a1e03bc899b
|i 16e21b9a-2e70-35ee-88f7-249a7f5d9beb
|t 0
|
| 952 |
f |
f |
|a Texas A&M University
|b College Station
|c Electronic Resources
|s www_evans
|d Available Online
|t 0
|e CRS-2007-FDT-1414
|h Other scheme
|
| 998 |
f |
f |
|a CRS-2007-FDT-1414
|t 0
|l Available Online
|